[Event "AUS-ch Minor"]
[Site "Cammeray"]
[Date "2010.01.13"]
[Round "11"]
[White "Li, Tim"]
[Black "Karayi, Valsalan"]
[Result "1-0"]
[WhiteElo "1425"]
[BlackElo "1335"]
[PlyCount "95"]
[EventDate "2010.01.02"]
[EventType "swiss"]
[EventRounds "11"]
[EventCountry "AUS"]
[SourceTitle "EXT 2011"]
[Source "ChessBase"]
[SourceDate "2010.11.26"]
[SourceVersion "1"]
[SourceVersionDate "2010.11.26"]
[SourceQuality "1"]

1. e4 c5 2. Nf3 g6 3. d4 cxd4 4. Nxd4 Nc6 5. Be3 Bg7 6. Qd2 Nf6 7. f3 a6 8. c4 0-0 9. Nc3 Qa5 10. Be2 Rd8 11. 0-0 d6 12. Rfd1 Bd7 13. a3 Qc7 14. Nd5 Nxd5 15. cxd5 Nxd4 16. Bxd4 Bxd4+ 17. Qxd4 Qc5 18. Qxc5 dxc5 19. Rac1 Rac8 20. Rc3 b5 21. b3 e6 22. d6 e5 23. Kf2 Be6 24. Ke3 Kg7 25. f4 f6 26. g4 exf4+ 27. Kxf4 g5+ 28. Ke3 Rc6 29. Rcd3 c4 30. bxc4 Bxc4 31. R3d2 Kf7 32. Bxc4+ Rxc4 33. Rd5 Ke6 34. d7 Rc3+ 35. Ke2 Rxa3 36. Rd6+ Ke7 37. e5 fxe5 38. R6d5 Ra2+ 39. Ke3 Ra4 40. Rxe5+ Kf6 41. Re8 Ra3+ 42. Ke2 Ra2+ 43. Ke1 Rxh2 44. Rxd8 Rh1+ 45. Kd2 Rxd1+ 46. Kxd1 Ke7 47. Ra8 Kxd7 48. Rxa6 1-0

[Event "AUS-ch Minor"]
[Site "Cammeray"]
[Date "2010.01.12"]
[Round "10"]
[White "Karayi, Valsalan"]
[Black "Stokes, Mark"]
[Result "1-0"]
[WhiteElo "1335"]
[BlackElo "1538"]
[PlyCount "81"]
[EventDate "2010.01.02"]
[EventType "swiss"]
[EventRounds "11"]
[EventCountry "AUS"]
[SourceTitle "EXT 2011"]
[Source "ChessBase"]
[SourceDate "2010.11.26"]
[SourceVersion "1"]
[SourceVersionDate "2010.11.26"]
[SourceQuality "1"]

1. e4 c5 2. Nf3 Nc6 3. c3 e6 4. d4 cxd4 5. cxd4 d5 6. exd5 exd5 7. Nc3 Bg4 8. h3 Bh5 9. Be3 Nf6 10. Be2 a6 11. 0-0 Bd6 12. Rc1 0-0 13. Qb3 Rb8 14. Kh1 Bc7 15. Nh2 Bxe2 16. Nxe2 Ne4 17. Nf4 Na5 18. Qxd5 Qe7 19. Rxc7 Nxf2+ 20. Bxf2 Qxc7 21. Bg3 Rbd8 22. Qe5 Qxe5 23. dxe5 Rd2 24. Be1 Rxb2 25. Bxa5 Rxa2 26. Bc7 Rc8 27. Nd5 Kf8 28. Bd6+ Ke8 29. Nc7+ Kd7 30. Rxf7+ Kc6 31. Nf3 Rg8 32. Kh2 g5 33. Nd4+ Kb6 34. Nd5+ Ka5 35. Bc7+ Ka4 36. Nc3+ Ka3 37. Bd6+ Kb2 38. Nxa2 Kxa2 39. Rxb7 g4 40. h4 g3+ 41. Kh3 1-0

[Event "AUS-ch Minor"]
[Site "Cammeray"]
[Date "2010.01.08"]
[Round "6"]
[White "Karayi, Valsalan"]
[Black "Parker, Trent"]
[Result "1-0"]
[WhiteElo "1335"]
[BlackElo "1537"]
[PlyCount "75"]
[EventDate "2010.01.02"]
[EventType "swiss"]
[EventRounds "11"]
[EventCountry "AUS"]
[SourceTitle "EXT 2011"]
[Source "ChessBase"]
[SourceDate "2010.11.26"]
[SourceVersion "1"]
[SourceVersionDate "2010.11.26"]
[SourceQuality "1"]

1. e4 e6 2. d4 d5 3. Nd2 c5 4. c3 Nc6 5. exd5 Qxd5 6. Ndf3 cxd4 7. Nxd4 Bd7 8. Ngf3 Nf6 9. Be2 Bc5 10. Be3 Ng4 11. c4 Bb4+ 12. Bd2 Qe4 13. Nxc6 Bxd2+ 14. Nxd2 Qxg2 15. Rf1 Nxh2 16. Ne5 Nxf1 17. Nxf1 Bc6 18. Bf3 Qg5 19. Nxc6 0-0 20. Nb4 Rad8 21. Qe2 Rc8 22. Qe3 Qf6 23. Qc3 Qe7 24. 0-0-0 b5 25. Nc6 Qg5+ 26. Qe3 Qf6 27. cxb5 Qf5 28. Qd3 Qf6 29. Kb1 g6 30. Qc3 e5 31. Ng3 Kg7 32. Ne4 Qh4 33. Qxe5+ f6 34. Rd7+ Kh8 35. Qe7 Qh6 36. Nxf6 Rxf6 37. Qxf6+ Kg8 38. Bd5# 1-0

[Event "AUS-ch Minor"]
[Site "Cammeray"]
[Date "2010.01.02"]
[Round "1"]
[White "Hong, Jasper"]
[Black "Karayi, Valsalan"]
[Result "0-1"]
[WhiteElo "940"]
[BlackElo "1335"]
[PlyCount "56"]
[EventDate "2010.01.02"]
[EventType "swiss"]
[EventRounds "11"]
[EventCountry "AUS"]
[SourceTitle "EXT 2011"]
[Source "ChessBase"]
[SourceDate "2010.11.26"]
[SourceVersion "1"]
[SourceVersionDate "2010.11.26"]
[SourceQuality "1"]

1. e4 c5 2. c3 g6 3. d4 cxd4 4. cxd4 d6 5. Nf3 Bg7 6. Nc3 a6 7. Bc4 e6 8. Be3 Bd7 9. 0-0 Ne7 10. Qd2 Nbc6 11. Rad1 Rc8 12. Bb3 Na5 13. Rc1 Nxb3 14. axb3 0-0 15. Bh6 Qb6 16. Bxg7 Kxg7 17. Qc2 f5 18. exf5 Nxf5 19. Rcd1 Bc6 20. Ng5 Rf6 21. Rfe1 Nxd4 22. Qd2 e5 23. Nce4 Bxe4 24. Nxe4 Rf4 25. Qd3 Rcf8 26. Rd2 Qb4 27. Rc1 Rxe4 28. Rc4 Re1+ 0-1

[Event "Sydney Centenary U1600"]
[Site "Sydney"]
[Date "2009.01.11"]
[Round "11"]
[White "Karayi, Valsalan"]
[Black "Baldwin, Tony"]
[Result "1/2-1/2"]
[WhiteElo "1430"]
[BlackElo "1340"]
[PlyCount "140"]
[EventDate "2009.01.02"]
[EventType "swiss"]
[EventRounds "11"]
[EventCountry "AUS"]
[SourceTitle "EXT 2023"]
[Source "ChessBase"]
[SourceDate "2022.10.05"]
[SourceVersion "1"]
[SourceVersionDate "2022.10.05"]
[SourceQuality "1"]

1. e4 c6 2. d4 d5 3. Nc3 dxe4 4. Nxe4 Bf5 5. Ng3 Bg6 6. Bc4 e6 7. N1e2 Nf6 8. 0-0 Be7 9. Nf4 Be4 10. Re1 Bd5 11. Bb3 Bxb3 12. axb3 0-0 13. c3 Nbd7 14. Bd2 Nb6 15. Qe2 Nbd5 16. Qf3 Qb6 17. b4 Rfe8 18. Nfh5 Nxh5 19. Qxh5 Nf6 20. Qf3 Rad8 21. Ne4 Rd5 22. Nxf6+ Bxf6 23. Be3 Rf5 24. Qe2 a6 25. Qd2 Qc7 26. c4 e5 27. g4 exd4 28. gxf5 dxe3 29. fxe3 Qe5 30. e4 Rd8 31. Qe2 Qf4 32. Rad1 Bd4+ 33. Kh1 Qe5 34. Rd3 Rd6 35. Red1 h6 36. c5 Rd5 37. R1d2 Rd8 38. Kg2 Qf6 39. Kf3 g6 40. Kg2 gxf5 41. e5 Qh4 42. Rg3+ Kf8 43. Qd3 f4 44. Qe4 Rd5 45. Rxd4 f3+ 46. Rxf3 Rxd4 47. Qxh4 Rxh4 48. e6 Rxb4 49. Rxf7+ Ke8 50. Kf3 Rxb2 51. Ke4 Rxh2 52. Rxb7 Re2+ 53. Kf5 h5 54. Kf6 Rf2+ 55. Ke5 h4 56. Kd6 Rd2+ 57. Kxc6 h3 58. Rh7 h2 59. Kb6 Re2 60. Kxa6 Rxe6+ 61. Kb5 Re2 62. c6 Kd8 63. Kc5 Rc2+ 64. Kd5 Rd2+ 65. Ke4 Rc2 66. Kd5 Rd2+ 67. Ke6 Re2+ 68. Kd6 Rd2+ 69. Kc5 Rc2+ 70. Kd5 Rd2+ 1/2-1/2

[Event "Sydney Centenary U1600"]
[Site "Sydney"]
[Date "2009.01.05"]
[Round "6"]
[White "Beahan, Patrick"]
[Black "Karayi, Valsalan"]
[Result "1-0"]
[WhiteElo "1305"]
[BlackElo "1430"]
[PlyCount "73"]
[EventDate "2009.01.02"]
[EventType "swiss"]
[EventRounds "11"]
[EventCountry "AUS"]
[SourceTitle "EXT 2023"]
[Source "ChessBase"]
[SourceDate "2022.10.05"]
[SourceVersion "1"]
[SourceVersionDate "2022.10.05"]
[SourceQuality "1"]

1. e4 Nf6 2. e5 Nd5 3. d4 d6 4. Nf3 Nc6 5. Be2 Bf5 6. 0-0 h6 7. c4 Ndb4 8. Na3 e6 9. Bd2 a5 10. d5 exd5 11. cxd5 Nxd5 12. exd6 Bxd6 13. Re1 Be6 14. Bc4 0-0 15. Bxd5 Bxd5 16. Nb5 Bc5 17. Nc3 Be6 18. Ne4 Bb6 19. Qc1 Kh7 20. Qc2 f5 21. Neg5+ hxg5 22. Nxg5+ Kg8 23. Nxe6 Qh4 24. g3 Bxf2+ 25. Kxf2 Qxh2+ 26. Kf3 Qh5+ 27. Kg2 Rf6 28. Nf4 Qg4 29. Qc4+ Rf7 30. Bc3 Rd8 31. Rh1 Re8 32. Rae1 Re4 33. Rxe4 fxe4 34. Qxe4 Rf5 35. Qe8+ Rf8 36. Rh8+ Kxh8 37. Ng6+ 1-0

[Event "AUS-ch Minor"]
[Site "Parramatta"]
[Date "2008.01.03"]
[Round "3"]
[White "Wilkie, Mary"]
[Black "Karayi, Valsalan"]
[Result "1-0"]
[WhiteElo "1223"]
[BlackElo "1456"]
[PlyCount "121"]
[EventDate "2008.01.02"]
[EventType "swiss"]
[EventRounds "11"]
[EventCountry "AUS"]
[SourceTitle "EXT 2010"]
[Source "ChessBase"]
[SourceDate "2010.11.25"]
[SourceVersion "1"]
[SourceVersionDate "2010.11.25"]
[SourceQuality "1"]

1. e4 e6 2. f4 d5 3. Nc3 Bc5 4. Nf3 Ne7 5. d4 Bb6 6. e5 0-0 7. Bd3 c5 8. 0-0 Nf5 9. Bxf5 exf5 10. Ne2 Nc6 11. c3 h6 12. Ng3 f6 13. Be3 fxe5 14. dxe5 Be6 15. Qe1 Na5 16. b3 Nc6 17. Rd1 Qe7 18. Kh1 Rad8 19. Ne2 Ba5 20. Nh4 Kh7 21. Qg3 d4 22. Ng6 Qf7 23. Nxf8+ Qxf8 24. cxd4 cxd4 25. Nxd4 Nxd4 26. Rxd4 Rxd4 27. Bxd4 b6 28. Qd3 Qa3 29. Qc2 Qb4 30. Bb2 Qb5 31. Rd1 Bb4 32. h3 Bc5 33. Qd3 Qc6 34. a3 a5 35. Rc1 Bd5 36. Qxf5+ Qg6 37. Qxg6+ Kxg6 38. Rc3 Kf5 39. Bc1 Bd4 40. Rg3 g6 41. Kh2 Bf2 42. Rc3 Ke4 43. g4 Bd4 44. Rg3 Bf2 45. Rc3 Bd4 46. Rc7 Bxb3 47. Rc6 g5 48. e6 gxf4 49. e7 Bf7 50. Re6+ Be5 51. e8Q Bxe8 52. Rxe8 Kd5 53. Kg2 Bd6 54. Kf3 Kc4 55. Re6 Bc5 56. Kxf4 Kb3 57. Rxh6 Kc2 58. Be3 Bxa3 59. Rxb6 Kc3 60. g5 Kd3 61. g6 1-0

[Event "Canberra AUS Minor op"]
[Site "Canberra"]
[Date "2006.12.31"]
[Round "6"]
[White "Baldwin, Tony"]
[Black "Karayi, Valsalan"]
[Result "1-0"]
[WhiteElo "1319"]
[BlackElo "1311"]
[PlyCount "128"]
[EventDate "2006.12.28"]
[EventType "swiss"]
[EventRounds "6"]
[EventCountry "AUS"]
[SourceTitle "EXT 2010"]
[Source "ChessBase"]
[SourceDate "2010.11.25"]
[SourceVersion "1"]
[SourceVersionDate "2010.11.25"]
[SourceQuality "1"]

1. d4 Nf6 2. Nf3 d6 3. Bg5 e6 4. e3 Be7 5. Bd3 Nbd7 6. Nbd2 c5 7. 0-0 a6 8. c3 b5 9. c4 bxc4 10. Nxc4 cxd4 11. Nxd4 Qc7 12. Rc1 Nc5 13. Be2 Bb7 14. b4 Nce4 15. Qa4+ Qd7 16. Qxd7+ Nxd7 17. Bxe7 Kxe7 18. Na5 Bd5 19. Bf3 Nd2 20. Bxd5 Nxf1 21. Bxa8 Nxe3 22. Bb7 Nd5 23. Ndc6+ Kf6 24. Bxa6 Nb8 25. Nxb8 Rxb8 26. a3 Ra8 27. Bb7 Ra7 28. Bxd5 exd5 29. Rd1 Rc7 30. h3 Ke5 31. g3 d4 32. Nb3 Rc3 33. Nxd4 Rxa3 34. Nb5 Rb3 35. f4+ Ke4 36. Nxd6+ Kf3 37. Nf5 Rxb4 38. Nxg7 Kxg3 39. Nh5+ Kxh3 40. Rd3+ Kg4 41. Nf6+ Kf5 42. Nd5 Ra4 43. Kf2 h5 44. Kg3 Ra5 45. Rd4 Ra1 46. Ne3+ Ke6 47. Re4+ Kd6 48. Re5 Rg1+ 49. Kh2 Ra1 50. Rxh5 f6 51. Rh6 Ke6 52. Kg3 Ra3 53. Kf3 Kf7 54. Ke4 Kg7 55. Nf5+ Kf7 56. Rh7+ Kg8 57. Rd7 Ra4+ 58. Nd4 Kf8 59. Kf5 Ke8 60. Rd5 Ra6 61. Ne6 Ke7 62. Nc7 Rd6 63. Rb5 Kd7 64. Rd5 Rxd5+ 1-0

[Event "Canberra AUS Minor op"]
[Site "Canberra"]
[Date "2006.12.29"]
[Round "2"]
[White "Karayi, Valsalan"]
[Black "Staak, Eric"]
[Result "1-0"]
[WhiteElo "1311"]
[BlackElo "1520"]
[PlyCount "125"]
[EventDate "2006.12.28"]
[EventType "swiss"]
[EventRounds "6"]
[EventCountry "AUS"]
[SourceTitle "EXT 2010"]
[Source "ChessBase"]
[SourceDate "2010.11.25"]
[SourceVersion "1"]
[SourceVersionDate "2010.11.25"]
[SourceQuality "1"]

1. e4 c5 2. Nc3 Nc6 3. f4 e6 4. Nf3 a6 5. Be2 b5 6. 0-0 Bb7 7. d3 d5 8. exd5 exd5 9. Re1 Bd6 10. Kh1 Nge7 11. d4 0-0 12. a3 Re8 13. Bf1 Rc8 14. Ne2 Qc7 15. c3 Nf5 16. Qd3 Qd7 17. Bd2 c4 18. Qc2 Ne3 19. Bxe3 Rxe3 20. Ne5 Bxe5 21. fxe5 Re8 22. Qd2 Re4 23. Ng3 Rxe1 24. Rxe1 Bc8 25. Qf4 Nd8 26. Be2 Ne6 27. Qd2 Nf8 28. Rf1 Qd8 29. Qf4 Be6 30. Nf5 Ng6 31. Qg3 Bxf5 32. Rxf5 Qh4 33. Bh5 Qxg3 34. hxg3 Kf8 35. Bg4 Ke7 36. Bf3 Ke6 37. Bg4 Ke7 38. Bf3 Ke6 39. g4 Nh4 40. Rh5 Nxf3 41. gxf3 h6 42. f4 f6 43. f5+ Ke7 44. e6 Kf8 45. Kg2 Kg8 46. Kf3 Re7 47. Rh2 Kh7 48. Re2 a5 49. Rh2 Kg8 50. Rh1 a4 51. Rh5 Ra7 52. Rh1 Re7 53. Re1 Kh7 54. Re2 Kg8 55. Kg3 Kh7 56. Kh4 Kg8 57. Kh5 Kh7 58. Re1 Re8 59. e7 g5 60. fxg6+ Kg7 61. Re6 f5 62. gxf5 Ra8 63. f6+ 1-0